| 000 | 00578nam a2200229Ia 4500 | ||
|---|---|---|---|
| 003 | OSt | ||
| 005 | 20220912153029.0 | ||
| 006 | a|||||r|||| 00| 0 | ||
| 007 | ta | ||
| 008 | 220909b |||||||| |||| 00| 0 eng d | ||
| 024 | _a24954 | ||
| 037 | _cTextual | ||
| 040 |
_aCSL _beng _cCSL |
||
| 041 | _aeng | ||
| 082 | _aX8(2:97:8), M5 | ||
| 100 | _aVan Schaik Edward A | ||
| 245 | 0 | _aManagement system for the information business | |
| 260 | _c1985 | ||
| 300 |
_ap. _ccm. |
||
| 942 |
_hX8(2:97:8), M5 _cTEXL _2CC |
||
| 999 |
_c96607 _d96607 |
||